| 000 | 00915pam a2200253 a 4500 | ||
|---|---|---|---|
| 001 | 2961660 | ||
| 003 | GBCCL | ||
| 005 | 20241126110402.0 | ||
| 008 | 911001s1992 oru 000 0 eng | ||
| 010 | _a 91037857 | ||
| 020 | _a0890819440 (pbk.) | ||
| 040 |
_aDLC _cDLC _dDLC |
||
| 050 | 0 | 0 |
_aBX8526.5 _b.M33 1992 |
| 082 | 0 | 0 |
_a289.92 _220 _bMAC |
| 100 | 1 |
_aMacGregor, Lorri, _d1942- _92970 |
|
| 245 | 1 | 0 |
_aWhat you need to know about-- Jehovah's Witnesses / _cEd Decker [i.e. Lorri MacGregor]. |
| 260 |
_aEugene, Or. : _bHarvest House Publishers, _cc1992. |
||
| 300 |
_a136 p. ; _c21 cm. |
||
| 440 | 0 |
_aConversations with the cults _9383 |
|
| 650 | 0 |
_aJehovah's Witnesses _xControversial literature. _92971 |
|
| 906 |
_a7 _bcbc _corignew _d1 _eocip _f19 _gy-gencatlg |
||
| 942 |
_2ddc _cBK _01 |
||
| 999 |
_c1481 _d1481 |
||